| 000 | 01394nam a2200349 c 4500 | ||
|---|---|---|---|
| 003 | BLK | ||
| 005 | 20180420225238.0 | ||
| 008 | 180408b bul|||||r ||||||| ||bul|| | ||
| 010 | _aKNG00095000000 | ||
| 020 |
_a0-939791-88-9 _bиздат.: U. S. Department of State |
||
| 040 | _aBLK | ||
| 041 |
_aENG _cENG |
||
| 080 |
_aАнглийски език _b811.111 _x _z811.111 |
||
| 080 |
_aИнтернет. Изчислителни системи. Мултиизчислителни комплекси и многомашинни мрежи _b004.738.5 _x:802.0 _z004.738.5:802.0 |
||
| 100 | 1 |
_aWarschauer, Mark _eпърви автор _927677 |
|
| 700 | 1 |
_aShetzer, Heidi _eсъавт. _924326 |
|
| 700 | 1 |
_aMeloni, Christine _eсъавт. _918389 |
|
| 139 |
_aWarschauer, Mark et al. _bW 28 |
||
| 245 | 1 | 0 |
_aInternet for English Teaching _cMark Warschauer; съавт. Heidi Shetzer; съавт. Christine Meloni. |
| 257 | _aUSA | ||
| 260 |
_аWashington _bU. S. Department of State _c2004 |
||
| 300 |
_aIX, 178 p. _bill. _c23 cm |
||
| 380 | _a80 | ||
| 650 | 4 |
_aАнглийски език - Интернет - методика на преподаването _9303925 |
|
| 653 | _aанглийски език | ||
| 653 | _aИнтернет | ||
| 852 | _aЦб 247440 | ||
| 856 | 4 |
_qpdf _u |
|
| 856 | 4 |
_qpdf _u |
|
| 942 |
_cKNG _n0 |
||
| 944 |
_aCR _c24.03.2010 _lф / _kГеновева_Генчева |
||
| 944 |
_aED _c29.03.2010 _lф / _k |
||
| 999 |
_c90262 _d90262 |
||